Quiz dla fanów FC Barcelony - Statystyki

Ogólne statystyki
  • Ten quiz został rozwiązany 693 razy
  • Średni wynik to 7 z 15
Statystyki odpowiedzi
Zagadnienie Odpowiedź % Poprawnych
W którym roku założono? 1899
91%
Trenera z jakiego kraju miała Barcelona? Holandia
91%
Który z piłkarzy zdobył pamiętną bramkę z Chelsea w półfinale Ligi Mistrzów? Andres Iniesta
73%
Z kim zagrali w finale Champions League w 2006 roku? Arsenal Londyn
64%
A z kim 3 oraz 5 lat później? Man.United
64%
Dwie największe kompromitacje Roma, Liverpool
64%
Erą którego piłkarza inspirowane są stroje wyjazdowe klubu? Johana Cruyff'a
55%
Kto ma przewagę w El Clasico? Barcelona
45%
Z kim zadebiutował Neymar? Lechia Gdańsk
45%
Ile wyniósł i kim był najdroższy transfer FC Barcelony? 150mln euro P.Coutinho
27%
Ile razy stroje domowe nie przedstawiały pionowych pasów? 2
27%
Na stadionie Barcelony na igrzyskach olimpijskich w 1992 roku odbył się finał tej imprezy. Kto w nim zagrał? Hiszpania i Polska
27%
Z kim rozegrano pierwszy mecz? Reprezentacja Anglii
27%
Kto zdobył bramkę z wolnego w meczu Finału Pucharu Europy z Sampdorią w 1992 roku? Ronald Koeman
27%
W ilu sportach ma drużyny? 5
18%
Nie znaleziono quizów pasujących do podanych kryteriów
Rozkład punktacji
Procent ludzi z każdym wynikiem
Percentyl według liczby udzielonych odpowiedzi
Twoja historia wyników
Nie rozwiązałeś tego quizu